Villes des Landes en images - Statistiques

Statistiques générales
  • Ce quiz a été pris 353 fois
  • Le résultat moyen est 9 sur 18
Statistiques - réponses
Par images Hint Réponse % Correct
D Dax
91%
M Mont-de-Marsan
86%
S (ou H) Soorts-Hossegor
86%
C Capbreton
82%
B Biscarrosse
75%
M Mimizan
61%
S Seignosse
61%
S Soustons
53%
T Tarnos
41%
S Saint-Sever
37%
H Hagetmau
33%
T Tartas
29%
P Peyrehorade
25%
S Saint-Paul-lès-Dax
25%
G Grenade-sur-l'Adour
22%
P Parentis-en-Born
20%
R Roquefort
18%
S Sanguinet
9%
Aucun quiz correspondant
Distribution des résultats
% des personnes avec chaque résultat
Percentile par nombre de réponses
Votre historique - résultats
Vous n’avez pas pris ce quiz